عرض عادي
عرض مارك
- زرمان، محمد
دخول Personal Name
001 - CONTROL NUMBER
- control field: 28181
003 - CONTROL NUMBER IDENTIFIER
- control field: AE-AdECS
005 - DATE AND TIME OF LATEST TRANSACTION
- control field: 20260327084149.0
008 - FIXED-LENGTH DATA ELEMENTS
- fixed length control field: 260327|| aca||aabn | a|a d
040 ## - CATALOGING SOURCE
- Original cataloging agency: AE-AdECS
- Transcribing agency: AE-AdECS
100 ## - HEADING--PERSONAL NAME
- Personal name: زرمان، محمد
670 ## - SOURCE DATA FOUND
- Source citation: Work cat.: (AE-AdECS)294626: زرمان، محمد مؤلف., ثقافة الحوار في السنة النبوية /
